Elementary Linear Algebra /

Guardado en:
Detalles Bibliográficos
Autor principal: Kolman, Bernard
Formato: Sách giấy
Lenguaje:English
Publicado: New York : The Macmillan, 1986
Etiquetas: Agregar Etiqueta
Sin Etiquetas, Sea el primero en etiquetar este registro!
Thư viện lưu trữ: Thư viện Trường Đại học Đà Lạt
LEADER 00556nam a2200241 4500
001 DLU020000203
005 ##11/9/1998
020 # # |a 0-02-366080-5 
041 # # |a eng 
082 # # |a 512.5  |b KO-B 
100 # # |a Kolman, Bernard 
245 # # |a Elementary Linear Algebra /  |c Bernard Kolman 
260 # # |a New York :  |b The Macmillan,  |c 1986 
300 # # |a X, 389 tr.;  |c 24 cm. 
992 # # |a 16000 
994 # # |a DLU 
900 # # |a False 
911 # # |a Administrator 
925 # # |a G 
926 # # |a A 
927 # # |a SH 
980 # # |a Thư viện Trường Đại học Đà Lạt